000 00451nam a22001817a 4500
003 NUST - PNEC
005 20170116181146.0
008 151012b xxu||||| |||| 00| 0 eng d
020 _a-
040 _cLIBRARY
082 _a920 SID
100 _915001
_aSiddique, Shaikh Sher Aalam
245 _aMere yadashten
_cShaikh Sher Aalam Siddique
250 _a-
260 _cc.26203
650 _91765
_aUrdu Literature
_xGeneral
942 _2ddc
_cBK
999 _c70708
_d70708